00890nam a22002057a 4500003000900000008004100009040007100050082002100121100001800142245004600160260002400206300002800230440002500258505027900283650001600562650002500578650002600603650003400629700002100663AR-CdUCM190220b ||||| |||| 00| 0 spa d aMUNICIPALIDAD PROVINCIAL DEL CUSCOcBIBLIOTECA MUNICIPAL DEL CUSCO a339.20985 /bW35 aWebb, Richard aDistribución del ingreso en el Perú / aLima :bIEP,c1975. a167 páginas ;c19 cm. aPerú problema.n14 aContenido: Políticas gubernamentales y distribución del ingreso en el Perú: 1961-1971 -- Desigualdad rural -- Sector urbano tradicional -- Implicaciones para políticas redistributivas -- La redistribución del ingreso y de la propiedad en el Perú: 1968-1973 ...  aDesigualdad aHistoria económica aEconomía de mercado aTeoría de la denominación aFigueroa, Adolfo